00944nam a22002651 450000100060000000300080000600500170001400800410003103500200007204000270009204100080011908200210012710000440014824500900019225000190028226000530030130000320035450000200038665000200040670000450042670000400047194200120051199900170052395201380054016776BD-RjUL20211209000041.0140215s1970 ilua 000 0 eng d a(BD-RjUL) 16831 aDLCcDLCdBD-RjULbeng aeng00a671.52bGIW 19701 aGiachino, Joseph William,d1906-95180010aWelding skills and practices /c[by] J. W. Giachino, William Weeks [and] Elmer Brune. a[3d ed., rev.] aChicago :bD.B.Taraporevala Sons and Co.,c1970. a342 p. : billus. ;c24 cm. aincludes index. 0aWelding.9515921 aWeeks, William R.,ejoint author.9518011 aBrune, Elmer,ejoint author.951802 2ddccBK c16776d16776 00102ddc40718NFICaRUCLbRUCLcReadingd1974-04-13eContinaltal l0o671.52 GIW 1970r2014-02-15 00:00:00tC-1w2014-02-15yBK